| 000 | 00392nam a2200157Ia 4500 | ||
|---|---|---|---|
| 008 | 230711s9999||||xx |||||||||||||| ||und|| | ||
| 041 | _aENG | ||
| 082 |
_a621 _bKO-E |
||
| 100 | _aKoridze,A | ||
| 245 | 0 | _aEngineering aspects of earthquake phenomia | |
| 250 | _a1st Ed. | ||
| 260 |
_c1987 _aNew York _bScientific Publication Ltd, |
||
| 300 | _a231 | ||
| 650 | _aCivil Engineering | ||
| 942 | _cBK | ||
| 999 |
_c765 _d765 |
||